| 000 | 00569nam a2200193 i 4500 | ||
|---|---|---|---|
| 001 | 146744 | ||
| 003 | ES-MaACL | ||
| 005 | 20250727062612.0 | ||
| 007 | t| | ||
| 008 | 070917s1904 sp ||||1| spa d | ||
| 080 | _a330.85 | ||
| 100 | 1 |
_aTrigo, Felipe. _9111409 |
|
| 245 | 1 | 0 |
_aSocialismo individualista : _b(índice para un estudio antropológico) / _cFelipe Trigo. |
| 260 |
_a[Mérida : _bs.n.], _c1904 ( _fCorchero y Compañía) |
||
| 300 |
_a206 p. ; _c18 cm. |
||
| 650 | 7 |
_aSocialismo _2embne _917147 |
|
| 852 | 4 |
_aES-MaACL _jB-4207 |
|
| 999 |
_c146744 _d146744 |
||